000 00578nam a2200193Ia 4500
001 2604
003 GE_BSU
008 181216s||||||||xx |||||||||||||| ||und||
020 _a9992845104
040 _cGE_BSU
080 _a330(075.8)
245 _aზოგადი ეკონომიკსი ( ლექციების კურსი)
260 _aქუთაისი
260 _c2008
300 _a216 გვ.
541 _h6ლ.
653 _aლექციების ზოგადი ეკონომიკსი ( კურსი)
942 _cBK
999 _c36677
_d36677